000 00342nam a22001337a 4500
005 20171205120224.0
008 171205b xxu||||| |||| 00| 0 eng d
040 _cPK-LaUMT
082 _aPKAC 320.95491
_bMUS-
245 _aThe Muslim world(Vol. 96 No, 2- April 2006)/
260 _a[ ]
_bBlackwell,
_c2006
300 _a388 p.
942 _cBK
999 _c100499
_d100499